वैखरी भाषा आणि भाषाव्यवहार (Record no. 331286)

MARC details
000 -LEADER
fixed length control field 00671nam a2200169Ia 4500
008 - FIXED-LENGTH DATA ELEMENTS--GENERAL INFORMATION
fixed length control field 090711s9999 xx 000 0 und d
082 ## - DEWEY DECIMAL CLASSIFICATION NUMBER
Item number 46429
100 ## - MAIN ENTRY--PERSONAL NAME
Personal name केळकर अशोक रा.
245 ## - TITLE STATEMENT
Title वैखरी भाषा आणि भाषाव्यवहार
260 ## - PUBLICATION, DISTRIBUTION, ETC. (IMPRINT)
Name of publisher, distributor, etc मॅजेस्टीक प्रकाशन
Date of publication, distribution, etc 1983
300 ## - PHYSICAL DESCRIPTION
Extent 295
600 ## - SUBJECT ADDED ENTRY--PERSONAL NAME
Personal name केळकर अशोक रा.
630 ## - SUBJECT ADDED ENTRY--UNIFORM TITLE
Uniform title वैखरी भाषा आणि भाषाव्यवहार
700 ## - ADDED ENTRY--PERSONAL NAME
Personal name केळकर अशोक रा.
730 ## - ADDED ENTRY--UNIFORM TITLE
Uniform title वैखरी भाषा आणि भाषाव्यवहार
942 ## - ADDED ENTRY ELEMENTS (KOHA)
Koha item type Book
Holdings
Withdrawn status Lost status Damaged status Not for loan Home library Current library Date acquired Cost, normal purchase price Total Checkouts Full call number Barcode Date last seen Cost, replacement price Price effective from Koha item type
        Dadar Sarvajanik Vachanalaya, Dardar Dadar Sarvajanik Vachanalaya, Dardar 07/11/2009 50.00   46429 DASAVA-46429 07/11/2009 50.00 07/11/2009 Book